| 000 | 00453 a2200157 4500 | ||
|---|---|---|---|
| 999 |
_c8204 _d8204 |
||
| 020 | _a9788120338265 | ||
| 050 | _aHG4523FAB2010 | ||
| 100 | _aFabozzi, Frank J | ||
| 245 |
_aCapital markets _binstitutions and instruments / _cFrank J Fabozzi and Franco Modigliani |
||
| 250 | _a4 th ed. | ||
| 264 |
_aNew Dehli _bPHI Learning _c2010 |
||
| 300 | _a680p. | ||
| 500 | _aIncludes index | ||
| 650 | _aCapital markets | ||
| 942 |
_2olc _cBK _e4th ed. _h4523 _iFAB _kHG |
||